000 00421nam a2200181Ia 4500
001 2777
005 20260306144832.0
008 260306t1984||||xx |||||||||||||| ||spa||
041 _aESP
082 _a230
_bG84 1984
100 _aGuardini, Romano
_eAUT
245 0 _aLa esencia del cristianismo
260 _c1984
300 _a106 páginas :
_c18 cm.
650 _aGEN
654 _aCHU
942 _cLIB
_dJUS
_fJUS
_2ddc
_n
999 _c2777
_d2777